[Event "DSM WK M 2011"]
[Site "Karlsruhe GER"]
[Date "2011.05.14"]
[Round "4"]
[White "Caliebe, Frauke"]
[Black "Ziegel, Mandy"]
[Result "0-1"]
[Termination "normal"]
[Board "6.2"]
[WhiteElo "837"]
[BlackElo "800"]
[WhiteTeam "Gymnasium Altenholz"]
[BlackTeam "Louise-Henriette-Gymnasium Oranienburg"]
[PlyCount "152"]
[EventCountry "GER"]
[EventRounds "7"]
[EventType "team-swiss"]
[EventDate "2011.05.12"]

1. d4 d5 2. c4 Nf6 3. Nc3 e6 4. Nf3 Bd6 5. e3 O-O 6. Bd3 b6 7. O-O Nbd7 8. a3
c5 9. Re1 Bb7 10. e4 dxc4 11. Bxc4 cxd4 12. Nxd4 e5 13. Ne6 fxe6 14. Bxe6+ Kh8
15. Qxd6 h6 16. b4 Rc8 17. Bb2 Rc6 18. Qd2 Qc7 19. Nd5 Rd6 20. Nxc7 Rxd2 21.
Bc1 Rc2 22. Nd5 Ba6 23. Bxd7 Nxd7 24. f3 Kh7 25. Ne3 Rc3 26. Rd1 Bb5 27. a4 Bc6
28. b5 Rxe3 29. Bxe3 Nb8 30. bxc6 Nxc6 31. Rd7 Rb8 32. Rc1 Rd8 33. Rxd8 Nxd8
34. f4 exf4 35. Bxf4 Ne6 36. g3 Nd4 37. Kf2 g5 38. Be5 Ne6 39. Kf3 h5 40. g4
Nc5 41. Ke3 hxg4 42. Rg1 Nxa4 43. Rxg4 Kh6 44. Bf6 b5 45. Bxg5+ Kh5 46. Kf4 Kg6
47. Rh4 Nc5 48. Rh6+ Kg7 49. Kf5 b4 50. Rf6 Nxe4 51. Kxe4 b3 52. Kf5 b2 53.
Bh6+ Kg8 54. Rf8+ Kh7 55. Kg5 b1=Q 56. Rf7+ Kg8 57. Rf8+ Kh7 58. Rf7+ Kh8 59.
Bg7+ Kg8 60. Kh6 Kxf7 61. Kg5 Qg6+ 62. Kf4 Qxg7 63. h4 Qh6+ 64. Ke5 Qxh4 65.
Kd5 Ke7 66. Ke5 Qh5+ 67. Ke4 Kd6 68. Kd4 Qe5+ 69. Kd3 Kd5 70. Kd2 Kd4 71. Kc2
Qe3 72. Kb1 Kc3 73. Ka2 Kb4 74. Kb2 Qd2+ 75. Kb1 Kb3 76. Ka1 Qb2# 0-1

[Event "DSM WK M 2011"]
[Site "Karlsruhe GER"]
[Date "2011.05.14"]
[Round "4"]
[White "Thimian, Jessica"]
[Black "Caliebe, Nanke"]
[Result "0-1"]
[Termination "normal"]
[Board "6.3"]
[WhiteElo "800"]
[BlackElo "858"]
[WhiteTeam "Louise-Henriette-Gymnasium Oranienburg"]
[BlackTeam "Gymnasium Altenholz"]
[PlyCount "114"]
[BlackFideId "12980528"]
[EventCountry "GER"]
[EventRounds "7"]
[EventType "team-swiss"]
[EventDate "2011.05.12"]

1. e4 c5 2. Nc3 e6 3. d4 cxd4 4. Qxd4 d6 5. Nf3 Nf6 6. e5 Ng8 7. Bg5 Ne7 8.
O-O-O Nd7 9. exd6 Nf5 10. Bxd8 Nxd4 11. Rxd4 e5 12. Rd5 Kxd8 13. Bb5 f6 14. Re1
Nb6 15. Rd3 a6 16. Ba4 Nxa4 17. Nxa4 b5 18. Nb6 Rb8 19. d7 Rxb6 20. dxc8=Q+
Kxc8 21. h4 Bc5 22. Rf1 Re8 23. g4 e4 24. Rd5 Bd6 25. Re1 Bf4+ 26. Kb1 Rd8 27.
Red1 Rxd5 28. Rxd5 exf3 29. Rf5 Bc7 30. g5 Re6 31. a3 fxg5 32. hxg5 h6 33. gxh6
gxh6 34. Rxf3 h5 35. Rh3 Rh6 36. Rh4 Bd8 37. Rh3 h4 38. f4 Kd7 39. b3 Ke6 40.
c4 bxc4 41. b4 Kf5 42. Kc2 Kxf4 43. Kc3 Kg4 44. Rh2 h3 45. Kxc4 Kg3 46. Rd2 h2
47. Rd1 h1=Q 48. Rxh1 Rxh1 49. a4 Rh5 50. Kb3 Kf4 51. Kc4 Ke4 52. b5 axb5+ 53.
axb5 Rd5 54. Kb4 Kd3 55. Ka4 Kc3 56. b6 Bxb6 57. Ka3 Ra5# 0-1

[Event "DSM WK M 2011"]
[Site "Karlsruhe GER"]
[Date "2011.05.14"]
[Round "4"]
[White "Morsch, Rebecca"]
[Black "Schimmel, Sarina"]
[Result "0-1"]
[Termination "normal"]
[Board "6.4"]
[WhiteElo "800"]
[BlackElo "890"]
[WhiteTeam "Gymnasium Altenholz"]
[BlackTeam "Louise-Henriette-Gymnasium Oranienburg"]
[PlyCount "60"]
[EventCountry "GER"]
[EventRounds "7"]
[EventType "team-swiss"]
[EventDate "2011.05.12"]

1. e4 e5 2. Nf3 Nc6 3. d3 Be7 4. Nc3 Nf6 5. Be3 d6 6. Be2 d5 7. exd5 Nxd5 8.
Nxd5 Qxd5 9. c4 Qa5+ 10. Bd2 Qb6 11. Qc1 O-O 12. O-O Be6 13. Qc2 Nd4 14. Nxd4
exd4 15. h3 Bxh3 16. gxh3 Qg6+ 17. Bg4 h5 18. Rae1 Bh4 19. Re4 f5 20. Rxd4 fxg4
21. hxg4 hxg4 22. Qb3 c5 23. Rd5 b6 24. Qc3 g3 25. Qe5 g2 26. Re1 Bxf2+ 27. Kh2
g1=Q+ 28. Rxg1 Qxg1+ 29. Kh3 Rf3+ 30. Qg3 Qxg3# 0-1

[Event "DSM WK M 2011"]
[Site "Karlsruhe GER"]
[Date "2011.05.14"]
[Round "4"]
[White "Triantafillidis, Katherina"]
[Black "Wang, Yanru"]
[Result "1-0"]
[Termination "normal"]
[Board "7.1"]
[WhiteElo "1290"]
[BlackElo "1180"]
[WhiteTeam "Elly-Heuss-Knapp-Gymnasium Heilbronn"]
[BlackTeam "Gymnasium Carolinum Osnabrück"]
[PlyCount "55"]
[WhiteFideId "24692409"]
[BlackFideId "12929328"]
[EventCountry "GER"]
[EventRounds "7"]
[EventType "team-swiss"]
[EventDate "2011.05.12"]

1. e4 e5 2. Nf3 Nc6 3. Nc3 Nf6 4. d4 exd4 5. Nxd4 Bb4 6. Nxc6 bxc6 7. Bd3 O-O
8. Bg5 Re8 9. O-O Bb7 10. Ne2 Re5 11. f4 Re6 12. e5 h6 13. Bh4 g5 14. fxg5 Nd5
15. Qc1 Rxe5 16. c4 Bc5+ 17. Bf2 Ne3 18. gxh6 Nxf1 19. Bxc5 Rxc5 20. Qc3 Kf8
21. Rxf1 Rh5 22. Qg7+ Ke7 23. Qxf7+ Kd6 24. Qxh5 Qg8 25. c5+ Ke7 26. Qh4+ Ke8
27. h7 Qh8 28. Bg6# 1-0

[Event "DSM WK M 2011"]
[Site "Karlsruhe GER"]
[Date "2011.05.14"]
[Round "4"]
[White "Tworek, Kristina"]
[Black "Triantafillidis, Zoé"]
[Result "0-1"]
[Termination "normal"]
[Board "7.2"]
[WhiteElo "800"]
[BlackElo "1187"]
[WhiteTeam "Gymnasium Carolinum Osnabrück"]
[BlackTeam "Elly-Heuss-Knapp-Gymnasium Heilbronn"]
[PlyCount "102"]
[BlackFideId "12900150"]
[EventCountry "GER"]
[EventRounds "7"]
[EventType "team-swiss"]
[EventDate "2011.05.12"]

1. e4 c6 2. Bc4 d5 3. exd5 cxd5 4. Bb3 Nf6 5. d4 Nc6 6. Nf3 Bg4 7. c3 e6 8. h3
Bh5 9. Bf4 Bd6 10. Bg5 Qc7 11. Qd3 Ne4 12. Nbd2 Bg6 13. Qe3 Nxg5 14. Nxg5 Bf4
15. Qe2 Bxg5 16. Nf3 Bf6 17. O-O O-O 18. Nh4 Bxh4 19. Qg4 Bf6 20. Ba4 Bf5 21.
Qf3 h6 22. b4 a6 23. Bb3 Rac8 24. a4 Ne7 25. Rac1 Bg5 26. Rce1 Qxc3 27. Qxc3
Rxc3 28. Ba2 Bd3 29. f4 Bf6 30. Rf3 Bxd4+ 31. Kh2 Be4 32. Rff1 Rc2 33. Bb1
Rxg2+ 34. Kh1 Rg1+ 35. Kh2 Rxf1 36. Rxf1 Bxb1 37. Rxb1 Rc8 38. b5 Rc2+ 39. Kg3
Rb2 40. Rd1 Nf5+ 41. Kf3 Rf2+ 42. Kg4 Ne3+ 43. Kg3 Nxd1 44. bxa6 bxa6 45. a5
Bc5 46. h4 d4 47. h5 d3 48. f5 exf5 49. Kh3 d2 50. Kg3 Bd6+ 51. Kh3 Rh2# 0-1

[Event "DSM WK M 2011"]
[Site "Karlsruhe GER"]
[Date "2011.05.14"]
[Round "4"]
[White "Graf, Janine"]
[Black "Samohvalov, Annika"]
[Result "1-0"]
[Termination "normal"]
[Board "7.3"]
[WhiteElo "864"]
[BlackElo "800"]
[WhiteTeam "Elly-Heuss-Knapp-Gymnasium Heilbronn"]
[BlackTeam "Gymnasium Carolinum Osnabrück"]
[PlyCount "73"]
[EventCountry "GER"]
[EventRounds "7"]
[EventType "team-swiss"]
[EventDate "2011.05.12"]

1. e4 e5 2. Nf3 Nf6 3. Nc3 Bb4 4. Nxe5 Nc6 5. Nf3 d6 6. d4 Bg4 7. h3 Bh5 8. Qd3
Qe7 9. Bd2 O-O-O 10. O-O-O Bxc3 11. Bxc3 Nxe4 12. Qe3 Rhe8 13. Re1 Bxf3 14.
gxf3 Ng5 15. f4 Ne4 16. Bc4 d5 17. Bb3 Qh4 18. Re2 Nf6 19. Qd3 Ne4 20. Qf3 Re6
21. Rg1 g6 22. Rg4 Qh5 23. a3 Nf6 24. Rxe6 fxe6 25. Rg3 Ne7 26. Qe3 Nf5 27.
Qxe6+ Nd7 28. Rg2 Qxh3 29. Rg1 Ng7 30. Qxd5 Re8 31. Qf7 Qh2 32. Re1 b6 33. Bd5
c6 34. Bxc6 Rxe1+ 35. Bxe1 Nf5 36. Qxd7+ Kb8 37. Qb7# 1-0

[Event "DSM WK M 2011"]
[Site "Karlsruhe GER"]
[Date "2011.05.14"]
[Round "4"]
[White "Hellmann, Stella"]
[Black "Wolf, Isabelle"]
[Result "1-0"]
[Termination "normal"]
[Board "7.4"]
[WhiteElo "800"]
[BlackElo "800"]
[WhiteTeam "Gymnasium Carolinum Osnabrück"]
[BlackTeam "Elly-Heuss-Knapp-Gymnasium Heilbronn"]
[PlyCount "63"]
[EventCountry "GER"]
[EventRounds "7"]
[EventType "team-swiss"]
[EventDate "2011.05.12"]

1. g3 e5 2. Nf3 Nf6 3. d3 Nc6 4. Bg5 d6 5. e4 Bg4 6. h3 Be6 7. c3 b5 8. d4 b4
9. Bb5 Qd7 10. O-O O-O-O 11. a3 exd4 12. cxd4 Bc4 13. Bxc4 Nxe4 14. Ba6+ Kb8
15. axb4 f5 16. b5 Na5 17. Rxa5 d5 18. Bxd8 Qxd8 19. Nc3 Nd6 20. Nxd5 Nc4 21.
Ra2 Nd6 22. Ne5 Nb7 23. Bxb7 Kxb7 24. Nf4 Qe8 25. Qd3 Kb6 26. Nd5+ Kb7 27. Ra3
Bxa3 28. bxa3 c6 29. bxc6+ Kc8 30. Qxf5+ Kd8 31. Rb1 Rf8 32. Rb8# 1-0

[Event "DSM WK M 2011"]
[Site "Karlsruhe GER"]
[Date "2011.05.14"]
[Round "4"]
[White "Schmitt, Nora"]
[Black "Nee, Maria Elisabeth"]
[Result "1/2-1/2"]
[Termination "normal"]
[Board "8.1"]
[WhiteElo "1016"]
[BlackElo "800"]
[WhiteTeam "Gymnasium Neuenbürg"]
[BlackTeam "Mariengymnasium Papenburg"]
[PlyCount "34"]
[EventCountry "GER"]
[EventRounds "7"]
[EventType "team-swiss"]
[EventDate "2011.05.12"]

1. e4 e5 2. Nf3 Nc6 3. Bb5 d6 4. d4 Bd7 5. d5 Nd4 6. Bxd7+ Qxd7 7. Nxd4 exd4 8.
Qxd4 c5 9. Qe3 Be7 10. Bd2 Nf6 11. Nc3 Ng4 12. Qg3 Bf6 13. h3 Ne5 14. Bg5 Qe7
15. Bxf6 Qxf6 16. Nb5 O-O 17. f4 Nc4 1/2-1/2

[Event "DSM WK M 2011"]
[Site "Karlsruhe GER"]
[Date "2011.05.14"]
[Round "4"]
[White "Müller, Svenja"]
[Black "Nintemann, Sabrina"]
[Result "1-0"]
[Termination "normal"]
[Board "8.3"]
[WhiteElo "800"]
[BlackElo "800"]
[WhiteTeam "Gymnasium Neuenbürg"]
[BlackTeam "Mariengymnasium Papenburg"]
[PlyCount "55"]
[EventCountry "GER"]
[EventRounds "7"]
[EventType "team-swiss"]
[EventDate "2011.05.12"]

1. e4 e5 2. Nf3 Nc6 3. b3 Nf6 4. Ng5 d5 5. exd5 Nxd5 6. Bc4 Ncb4 7. a3 Qxg5 8.
axb4 Qxg2 9. Rf1 Nf4 10. d4 Bxb4+ 11. c3 Bh3 12. cxb4 Qe4+ 13. Be3 Bxf1 14.
Bxf1 O-O-O 15. Ra4 Rxd4 16. Qg4+ Ne6 17. Qxe4 Rxe4 18. Rxa7 Rd8 19. Bg2 Rxb4
20. Nc3 Rxb3 21. Na4 Ra3 22. Bxb7+ Kb8 23. Bc6 Ra1+ 24. Ke2 Ra2+ 25. Kf3 Ng5+
26. Kg2 Rxa4 27. Rxa4 Rd6 28. Ra8# 1-0

[Event "DSM WK M 2011"]
[Site "Karlsruhe GER"]
[Date "2011.05.14"]
[Round "4"]
[White "Schulte, Katharina"]
[Black "Schillinger, Carmen"]
[Result "1-0"]
[Termination "normal"]
[Board "8.4"]
[WhiteElo "800"]
[BlackElo "800"]
[WhiteTeam "Mariengymnasium Papenburg"]
[BlackTeam "Gymnasium Neuenbürg"]
[PlyCount "99"]
[EventCountry "GER"]
[EventRounds "7"]
[EventType "team-swiss"]
[EventDate "2011.05.12"]

1. e4 e5 2. Nf3 Nc6 3. Bc4 Nf6 4. Nc3 Bb4 5. O-O d6 6. h3 O-O 7. d3 Nd4 8. Nxd4
exd4 9. Nb5 d5 10. Nxd4 dxe4 11. dxe4 Nxe4 12. Bf4 Bf5 13. Nxf5 Nc5 14. Be3 Na4
15. b3 Nb2 16. Qxd8 Raxd8 17. Rab1 Nxc4 18. bxc4 Ba5 19. Rxb7 a6 20. Ne7+ Kh8
21. Nc6 Rd7 22. Nxa5 Re8 23. Bf4 h6 24. Bxc7 Re2 25. Bf4 Rd4 26. Be3 Re4 27.
Rxf7 Rxc2 28. a3 Re5 29. Nc6 Re6 30. Nd4 Rxc4 31. Nxe6 Kg8 32. Rf8+ Kh7 33. Rc1
Ra4 34. Ra1 Re4 35. Nc5 Rc4 36. Nxa6 g6 37. Rf6 Kg7 38. Rb6 Rh4 39. Rc1 Re4 40.
Rc7+ Kf8 41. Rb8+ Re8 42. Rxe8+ Kxe8 43. Nc5 Kd8 44. Rh7 Kc8 45. a4 Kb8 46. a5
Kc8 47. a6 Kb8 48. Nd7+ Ka8 49. Nb6+ Kb8 50. a7# 1-0

[Event "DSM WK M 2011"]
[Site "Karlsruhe GER"]
[Date "2011.05.14"]
[Round "4"]
[White "Holzapfel, Nele"]
[Black "Ketterer, Beatrice"]
[Result "1/2-1/2"]
[Termination "normal"]
[Board "9.2"]
[WhiteElo "800"]
[BlackElo "781"]
[WhiteTeam "Benjamin-Schule Remplin"]
[BlackTeam "Goethe-Gymnasium Karlsruhe"]
[PlyCount "79"]
[BlackFideId "12983411"]
[EventCountry "GER"]
[EventRounds "7"]
[EventType "team-swiss"]
[EventDate "2011.05.12"]

1. e4 e5 2. Nf3 Nc6 3. Bc4 Nf6 4. Nc3 Nxe4 5. Nxe4 d5 6. d3 dxc4 7. dxc4 Qxd1+
8. Kxd1 Bf5 9. Nc3 Bg4 10. h3 Bxf3+ 11. gxf3 Nd4 12. f4 exf4 13. Bxf4 Bd6 14.
Bxd6 cxd6 15. Re1+ Ne6 16. Nd5 Rc8 17. b3 O-O 18. f4 Nd4 19. Ne7+ Kh8 20. Nxc8
Rxc8 21. Kd2 f6 22. Re4 Nf3+ 23. Ke3 Nh4 24. Re1 Nf5+ 25. Kd3 g5 26. fxg5 fxg5
27. Re6 h5 28. b4 g4 29. hxg4 hxg4 30. Rh1+ Kg7 31. c5 dxc5 32. bxc5 Rg8 33.
Re5 Kf6 34. Rhe1 g3 35. Ke4 Rg5 36. Rf1 Rg4+ 37. Rf4 Rxf4+ 38. Kxf4 Nh4 39. Rd5
g2 40. Rd1 1/2-1/2

[Event "DSM WK M 2011"]
[Site "Karlsruhe GER"]
[Date "2011.05.14"]
[Round "4"]
[White "Henke, Hanna"]
[Black "Jörs, Pia-Milena"]
[Result "1-0"]
[Termination "normal"]
[Board "9.3"]
[WhiteElo "800"]
[BlackElo "800"]
[WhiteTeam "Goethe-Gymnasium Karlsruhe"]
[BlackTeam "Benjamin-Schule Remplin"]
[PlyCount "93"]
[WhiteFideId "12964441"]
[BlackFideId "12964646"]
[EventCountry "GER"]
[EventRounds "7"]
[EventType "team-swiss"]
[EventDate "2011.05.12"]

1. e4 e5 2. Nf3 Nc6 3. Bc4 Bb4 4. Ng5 d5 5. exd5 Nf6 6. dxc6 bxc6 7. Nxf7 Qe7
8. Nxh8 Nd5 9. Bd3 e4 10. Bc4 Nb6 11. Bf7+ Kd8 12. O-O Qf8 13. d3 Qxh8 14.
dxe4+ Bd7 15. Be6 Kc8 16. Bxd7+ Nxd7 17. Bd2 Bc5 18. Be3 Bb6 19. Bxb6 cxb6 20.
Qg4 Kc7 21. Qf4+ Kd8 22. Rd1 h6 23. Qg4 Qe8 24. Qh4+ Kc8 25. Nc3 g5 26. Qxh6
Qe7 27. Qh8+ Nf8 28. Qh3+ Kb8 29. Rd2 Nd7 30. Rxd7 Qe8 31. Rh7 Qc8 32. Rh8 Kb7
33. Rxc8 Rxc8 34. Qh7+ Rc7 35. Qh3 Rg7 36. Rd1 g4 37. Qh6 Rg8 38. Qh7+ Rg7 39.
Qxg7+ Ka6 40. b4 c5 41. bxc5 bxc5 42. Rd5 Kb6 43. Qg6+ Ka5 44. Rxc5+ Kb4 45.
Qc6 Ka3 46. Rb5 g3 47. Qa6# 1-0

[Event "DSM WK M 2011"]
[Site "Karlsruhe GER"]
[Date "2011.05.14"]
[Round "4"]
[White "Schubert, Lea Sophie"]
[Black "Kipp, Emma"]
[Result "0-1"]
[Termination "normal"]
[Board "9.4"]
[WhiteElo "800"]
[BlackElo "800"]
[WhiteTeam "Benjamin-Schule Remplin"]
[BlackTeam "Goethe-Gymnasium Karlsruhe"]
[PlyCount "130"]
[EventCountry "GER"]
[EventRounds "7"]
[EventType "team-swiss"]
[EventDate "2011.05.12"]

1. e4 e5 2. Nf3 Nc6 3. Bc4 Nf6 4. Ng5 Na5 5. d3 Nxc4 6. dxc4 Nxe4 7. Nxe4 d6 8.
Ng5 Bg4 9. Qxg4 Be7 10. h4 h6 11. f4 exf4 12. Bxf4 Bf6 13. Qh5 g6 14. Qg4 h5
15. Qe2+ Kf8 16. c5 dxc5 17. Qc4 b6 18. Nxf7 Qe7+ 19. Kf1 Qxf7 20. Qe4 Qe8 21.
Qxe8+ Kxe8 22. Bg5 Bxg5 23. hxg5 Kd7 24. Nc3 Rhf8+ 25. Ke1 Rae8+ 26. Ne2 Rf5
27. Rd1+ Kc8 28. Rd2 Rxg5 29. Kd1 Rxg2 30. Rg1 Rxg1+ 31. Nxg1 Re4 32. b3 Rg4
33. Ne2 Rh4 34. Kc1 Rh1+ 35. Rd1 Rh2 36. Ng3 Rh3 37. Rg1 g5 38. Ne4 g4 39. Kd1
Re3 40. Nd2 Rc3 41. Rf1 c4 42. Rf8+ Kb7 43. Nxc4 b5 44. Kd2 b4 45. Ne3 Rc6 46.
Nd5 Ra6 47. Rc8 Kxc8 48. c4 Rxa2+ 49. Kd3 Rb2 50. Kd4 Rxb3 51. Kc5 h4 52. Nf4
h3 53. Nh5 h2 54. Ng3 Rxg3 55. Kxb4 h1=R 56. Kc5 Rh5+ 57. Kb4 Rf3 58. Ka4 Rf4
59. Kb3 g3 60. Kb2 Rxc4 61. Kb3 Rf4 62. Ka3 g2 63. Ka2 Rh3 64. Ka1 g1=R+ 65.
Ka2 Rf2# 0-1